| 000 | 00903cab a22002175a 4500 | ||
|---|---|---|---|
| 001 | L157004 | ||
| 008 | 120809e20120804xxk 000 0 eng d | ||
| 035 | _a(Sirsi) u157004 | ||
| 041 | 0 | _aeng | |
| 110 | 2 |
_aRickman, Denielle _96104 |
|
| 245 | 0 | 0 | _aFalse sense of security |
| 260 | _c2012 | ||
| 490 |
_aEstates Gazette _v(1231) 4 August 2012, 43(1) |
||
| 520 | _aAlthough the Protection of Freedoms Act 2012 does not primarily affect the property industry there are four areas of the Act that need to be noted; wheel clamping on private land and parking charges, regulation of CCTV and other surveillance camera technology, powers of entry onto property and the repeal of section 8(2) of the Landlord and Tenant Act 1985. | ||
| 590 | _aKA | ||
| 650 | 2 | 4 | _aLANDLORD AND TENANT ACT 1985 |
| 651 | 4 | _aUnited Kingdom | |
| 690 |
_aProperty management _96262 |
||
| 690 |
_aLand use _96251 |
||
| 942 | _n0 | ||
| 999 |
_c84229 _d84229 |
||